00626nam a2200205 i 4500001001100000003000500011005001700016008004100033020001800074040002500092082001400117100003300131245006300164264005600227300002900283336002100312337002500333338002300358650003900381C2-0300630PPAK20180728082125.0091111s2009 my |||| ||||| | may d a9789675047862 aPPAKbengcPPAKerda04a135.32230 aMuhammad bin Sirin, eauthor10aEnsiklopedia tafsir mimpi 3 : bmakna & penjelasan lengkap 1aPuchong, Selangor : bBerlian Publications , c2009 axxx, 700 pages ; c22 cm 2rdacontentatext 2rdamediaaunmediated 2rdacarrieravolume10aDreams - Religious aspects - Islam